00842nam a2200265Ia 4500003000400000005001700004006001800021007000300039008004100042024001100083037001100094040001800105041001300123100000900136110009500145245008300240260000900323300001800332650002100350700003300371700002500404700002600429700002600455700009500481OSt20220930081934.0a|||||r|||| 00| 0ta220926b |||||||| |||| 00| 0 eng d a109381 cTheses aCRLcCRLbeng 2engaeng aMinu aUniversity of Delhi. Faculty of Medical Sciences. Department of Obstetrics and Gynaecology 0aStudy of the association between preeclampsia and maternal periodontal disease c2010 a83p.ap.ccm. aWOMEN - DISEASES a Dr. Arundeep Kaur Lamba Gu. a Dr. Ashok Kumar Gu. a Dr. Mahesh Verma Gu. a Dr. Sudha Prasad Gu. aUniversity of Delhi. Faculty of Medical Sciences. Department of Obstetrics and Gynaecology